00306nam a2200121Ia 4500008004100000041000800041082001400049100002200063245002100085260003600106300003300142365000900175240624s9999 xx 000 0 und d aeng a519.5 STE aSTEINBERG WENDY J aSTATISTICS ALIVE c2008aLondonbSage Publications axxxiv, : 491 : p. : cm. ; 28 cb30